005830000a22001570004500060000800000082001900008245007800027260005100105260000900156300000800165310002300173650008600196942000700282999001900289952011700308 a100 a630.954 REP.15 aReport of the national commission on agriculture part 15 agrarian reforms aNewdelhi, Ministry of agriculture & Irrigation c1976 a270 aGovt. of indiaeIN aNational commission on agriculture- report/ agrarian reforms/ agriculture- report cBK c347823d347823 00104070aKAUCOAVbKAUCOAVd2014-05-02l0o630.954 REP.15pKAU_COAV-15713r2014-05-02 00:00:00w2014-05-02yBK